| 000 | 00541nam a22001577a 4500 | ||
|---|---|---|---|
| 999 |
_c535577 _d535577 |
||
| 020 | _qHard Cover. | ||
| 082 | _a629.04 | ||
| 100 | _aSaeed, Madiha | ||
| 245 |
_aPerformance evaluation of asphaltic airfield pavements using elvaloy as a fuel resistant polymer / _cMadiha Saeed. |
||
| 260 |
_aIslamabad: _bNIT NUST, _c2014. |
||
| 300 |
_a129 p. : _bill. ; _c30cm. |
||
| 942 |
_2ddc _cTHE |
||
| 650 |
_aTransportation Engineering MS-Thesis. _916276 |
||
| 700 |
_aDr. Muhammad Irfan _917128 |
||